Normal view
MARC view
- الذيابات، خالد محمد مفلح
Entry Personal Name
001 - CONTROL NUMBER
- control field: 66592
003 - CONTROL NUMBER IDENTIFIER
- control field: JO-AjAnu
005 - DATE AND TIME OF LATEST TRANSACTION
- control field: 20250715094201.0
008 - FIXED-LENGTH DATA ELEMENTS
- fixed length control field: 250715|| aca||aabn | a|a d
040 ## - CATALOGING SOURCE
- Original cataloging agency: JO-AjAnu
100 ## - HEADING--PERSONAL NAME
- Personal name: الذيابات، خالد محمد مفلح
- Relator term: مشرف مشارك